Normal view MARC view
  • Ellis, Chris Chamberlain, Peter

Entry Personal Name

Number of records used in: 1

001 - CONTROL NUMBER

  • control field: 79609

003 - CONTROL NUMBER IDENTIFIER

  • control field: NUST

005 - DATE AND TIME OF LATEST TRANSACTION

  • control field: 20210628210508.0

008 - FIXED-LENGTH DATA ELEMENTS

  • fixed length control field: 210628|| aca||aabn | a|a d

040 ## - CATALOGING SOURCE

  • Original cataloging agency: NUST
  • Transcribing agency: NUST

100 ## - HEADING--PERSONAL NAME

  • Personal name: Ellis, Chris Chamberlain, Peter

670 ## - SOURCE DATA FOUND

  • Source citation: Work cat.: (NUST): Ellis, Chris Chamberlain, Peter, Pictorial history of tanks of the world 1915-45 over 1000 illustrations, 1972
© 2023 Central Library, National University of Sciences and Technology. All Rights Reserved.